| 000 | 00531cam a22001697a 4500 | ||
|---|---|---|---|
| 008 | 180718b1960 xxu||||| |||| 00| 0 eng d | ||
| 082 | _aA99 Is5 | ||
| 100 | _aIsmay, Hastings Lionel | ||
| 245 |
_aThe Memoirs of General the Lord Ismay _cby Hastings Lionel Ismay |
||
| 250 | _a1st | ||
| 260 |
_aLondon _bHeinemann _c1960 |
||
| 300 | _a486p. | ||
| 500 | _a42/- | ||
| 650 | _aIndia - History - 1936 - 48 | ||
| 650 | _aWorld War, 1939 - 1945 - Personal Narratives, British | ||
| 650 | _aIsmay, Hastings Lionel Ismay, 1st Baron, 1997 | ||
| 999 |
_c371088 _d371088 |
||